000 00339nam a22001457a 4500
020 _qPB.
040 _cFIZZA ISHAQ
082 _a005.133
_bCAY
100 _aHORSTMANN S.CAY.
_989442
245 _aCORE JAVA /
_cCAY S.HORSTMANN
250 _a11th ED.
260 _aNEW YORK ;
_bPEARSON,
_c2019.
300 _a889 P. ;
942 _2ddc
_cBK
999 _c588175
_d588175